000 00626nam a22002417a 4500
003 UA-OsUOA
001 30477
007 ta
008 20041110b un ||||| |||| 00| 0 ukr d
100 _aРобинсон А. Н.
090 _a82.09(470+571)
_bР58
942 _cBK
040 _aUA-OsUOA
_brus
_cUA-OsUOA
_dUA-OsUOA
245 _aБорьба идей в русской литературе XVII века
300 _a408 с.
_bІлюстрації
955 _a0
041 _arus
080 _a82.09(470+571)
260 _aМосква
_bНаука
_c1974
044 _aRU
650 7 _2UDC
999 _c316889
_d316889